[Event "Unterfranken-ch HB 43th"]
[Site "Sailauf"]
[Date "1992.??.??"]
[Round "8"]
[White "Holzapfel, Johannes"]
[Black "Pischke, Hauke"]
[Result "1-0"]
[WhiteElo "1757"]
[BlackElo "1660"]
[PlyCount "27"]
[EventDate "1992.04.20"]
[EventType "swiss"]
[EventRounds "9"]
[EventCountry "GER"]
[SourceTitle "EXT 2015"]
[Source "ChessBase"]
[SourceDate "2014.11.20"]
[SourceVersion "1"]
[SourceVersionDate "2014.11.20"]
[SourceQuality "1"]

1. e4 g6 2. d4 Bg7 3. Nc3 d6 4. Be3 Nf6 5. Qd2 Nbd7 6. 0-0-0 0-0 7. Bh6 c5 8. Bxg7 Kxg7 9. e5 dxe5 10. dxe5 Ne8 11. Bb5 Qc7 12. Bxd7 Qxe5 13. Bxc8 Rxc8 14. Nf3 1-0

[Event "Unterfranken-ch HB 43th"]
[Site "Sailauf"]
[Date "1992.??.??"]
[Round "3"]
[White "Pischke, Hauke"]
[Black "Wirthmann, Stefan"]
[Result "1/2-1/2"]
[WhiteElo "1660"]
[BlackElo "1766"]
[PlyCount "59"]
[EventDate "1992.04.20"]
[EventType "swiss"]
[EventRounds "9"]
[EventCountry "GER"]
[SourceTitle "EXT 2015"]
[Source "ChessBase"]
[SourceDate "2014.11.20"]
[SourceVersion "1"]
[SourceVersionDate "2014.11.20"]
[SourceQuality "1"]

1. c4 Nf6 2. Nc3 e5 3. Nf3 Nc6 4. d4 exd4 5. Nxd4 Bb4 6. Nxc6 Bxc3+ 7. bxc3 bxc6 8. Bg5 0-0 9. Qd4 d6 10. Bxf6 Qxf6 11. Qxf6 gxf6 12. e4 Re8 13. f3 f5 14. Bd3 fxe4 15. fxe4 f5 16. 0-0-0 fxe4 17. Be2 Bf5 18. g4 Bg6 19. h4 e3 20. Rhe1 Rab8 21. Bd3 e2 22. Rxe2 Rxe2 23. Bxe2 Rb1+ 24. Kd2 Rb2+ 25. Ke3 Rxa2 26. h5 Bf7 27. Rb1 Ra3 28. Kd2 Ra2+ 29. Ke3 Ra3 30. Kd2 1/2-1/2